Vista normal
Vista MARC
Entrada Personal Name
Número de registros utilizados en: 1
001 - CONTROL NUMBER
- control field: 4943
003 - CONTROL NUMBER IDENTIFIER
- control field: DLC
005 - DATE AND TIME OF LATEST TRANSACTION
- control field: 20221111152749.0
008 - FIXED-LENGTH DATA ELEMENTS
- fixed length control field: 170708 a|ac|n|aab||||||||||||a |n|||||||
010 ## - LIBRARY OF CONGRESS CONTROL NUMBER
- LC control number: 2006100045
040 ## - CATALOGING SOURCE
- Original cataloging agency: MX-ZcUA
- Language of cataloging: spa
- Description conventions: rda
- Transcribing agency: Mx-PuUPA
- Modifying agency: Mx-PuUPA
100 1# - HEADING--PERSONAL NAME
- Personal name: Macouzet Olivar, Carlos,
374 ## - OCCUPATION
- Occupation: Autor
375 ## - GENDER
- Gender: hombre
377 ## - ASSOCIATED LANGUAGE
- Language code: spa
400 1# - SEE FROM TRACING--PERSONAL NAME
- Personal name: Olivar, Carlos Macouzet
670 ## - SOURCE DATA FOUND
- Source citation: Anestesia local en odontología, 2005:
- Information found: t.p. (Carlos Macouzet Olivar)